000 00300nam a22001337a 4500
008 170608b xxu||||| |||| 00| 0 eng d
020 _a2900205585952
041 _aeng
080 _28TH
_a94
100 _a18
101 _aSHH
245 _aINTERNATIONAL RELATIONS
_cGOLDSTEIN,J.S
942 _2udc
_cBK
999 _c16463
_d16463